Prénoms Harry Potter - Statistiques

Statistiques générales
  • Ce quiz a été pris 405 fois
  • Le résultat moyen est 101 sur 217
Statistiques - réponses
Noms Prénoms % Correct
Potter Harry
91%
Granger Hermione
89%
Black Sirius
89%
Dumbledore Albus
86%
Weasley Ronald
85%
Malefoy Drago
84%
Potter James
84%
Potter Lily
83%
Lovegood Luna
82%
Weasley George
81%
Rogue Severus
81%
Diggory Cedric
80%
Weasley Ginny
80%
Londubat Neville
80%
Lestrange Bellatrix
79%
Weasley Fred
79%
Jedusor Tom Elvis
79%
Delacour Fleur
78%
Malefoy Lucius
78%
Dursley Dudley
77%
McGonagall Minerva
77%
Weasley Molly
77%
Weasley Arthur
76%
Pettigrow Peter
76%
Hagrid Rubeus
76%
Weasley Bill
75%
Chang Cho
75%
Dursley Petunia
75%
Ombrage Dolores
73%
Tonks Nymphadora
73%
Weasley Percy
73%
Lupin Remus
73%
Gryffondor Godric
72%
Malefoy Narcissa
72%
Krum Viktor
72%
Weasley Charlie
71%
Abbott Hannah
70%
Serpentard Salazar
70%
Dursley Vernon
70%
Bell Katie
68%
Flamel Nicolas
68%
Serdaigle Rowena
68%
Finnigan Seamus
68%
Maugrey Alastor
67%
Potter Albus Severus
67%
Slughorn Horace
67%
Karkaroff Igor
67%
Patil Padma
67%
Patil Parvati
67%
Dubois Olivier
66%
Trelawney Sibylle
66%
Lovegood Xenophilius
66%
Crivey Colin
65%
Fudge Cornelius
65%
Thomas Dean
65%
Poufsouffle Helga
65%
Crabbe Vincent
65%
Lockhart Gilderoy
64%
Rusard Argus
63%
Serdaigle Helena
63%
Skeeter Rita
63%
Dumbledore Abelforth
62%
Tourdesac Bathilda
62%
Delacour Gabrielle
62%
Goyle Gregory
62%
Brown Lavande
62%
Parkinson Pansy
62%
Londubat Alice
61%
Diggory Amos
61%
Dumbledore Ariana
61%
Flitwick Filius
61%
Bryce | Londubat Frank
61%
Jordan Lee
61%
Chourave Pomona
60%
Johnson Angelina
59%
Dursley Marjorie
58%
Weasley Rose
58%
Tonks Ted
58%
Lupin Teddy
58%
Potter James Sirius
57%
Shacklebot Kingsley
57%
Maxime Olympe
57%
Thicknesse Pius
57%
Black Regulus
57%
Malefoy Scorpius
57%
Zabini Blaise
56%
Greyback Fenrir
56%
Potter Lily Luna
56%
Bibine Renee
56%
Croupton Barty jr
55%
McLagen Cormac
55%
Pomfresh Poppy
55%
Weasley Hugo
53%
Croupton Barty sr
51%
Grindelwald Gellert
51%
Belby | Flint Marcus
51%
Quirrell Quirinus
51%
Dolohov Antonin
50%
Gaunt Elvis Marvollo
50%
Deauclaire Penelope
50%
Scrimgeour Rufus
50%
Crochue Bertie
49%
Danlmur | Macmillan Ernie
49%
Finch-Fletchley Justin
49%
Fletcher Mondingus
49%
Sinistra Aurora
48%
Ollivander Garrick
48%
Bones Susan
48%
Crivey Dennis
47%
Rocade Stan
47%
Tonks Andromeda
46%
Carrow Alecto
45%
Carrow Amycus
45%
Figg Arabella
45%
Bagnold | Bulstrode Millicent
45%
De Mimsy Porpington Nicholas
45%
Dumbledore Perceval
45%
Lestrange Rodolphus
45%
Spinnet Alicia
43%
Greengrass Astoria
43%
Burbage Charity
43%
Verpey Ludo
43%
Doge Elphias
42%
Pince Irma
42%
Dumbledore Kendra
42%
Gaunt Merope
42%
Hopkrik Mafalda
41%
Londubat Augusta
40%
Weasley Fred II
40%
Weasley Molly II
40%
Weasley Victoire
40%
Black Phineas Nigellus
39%
Vane Romilda
39%
Rosier Evan
38%
Bones Amelia
37%
Weasley Dominique
37%
Goldstein Anthony
36%
Prewett Fabian
36%
Weasley Louis
36%
Nott Theodore
36%
Diggle Dedalus
35%
Gaunt Morfin
34%
Boot Terry
34%
Black Orion
33%
Binns Cuthbert
32%
Prewett Gideon
32%
Peverell Antioche
31%
Jorkins Bertha
31%
Peverell Cadmus
31%
Greengrass Daphne
31%
Weasley Lucy
31%
Corner Michael
31%
Lestrange Rabastan
31%
Weasley Roxanne
31%
Smith Zacharias
31%
Runcorn Albert
30%
Rookwood Augustus
30%
Prince Eileen
30%
Edgecombe Marietta
30%
Cattermole Reginald
30%
Gobe-Planche Wilhelmina
28%
Davies Roger
27%
Rogue Tobias
27%
Black Walburga
27%
Weasley Bilius
25%
Weasley Muriel
25%
Dawlish John
24%
Vance Emeline
23%
Vector Septima
23%
Smith Hepzibah
22%
Lovegood Pandora
22%
Polkiss Piers
22%
Midgen Eloise
21%
Pucey Adrian
20%
Cresswell Dirk
19%
Abercrombie Euan
19%
Jones Hestia
19%
Babbling Bathsheba
18%
Sloper Jack
18%
Peakes Jimmy
18%
Crockford Doris
17%
Podmore Sturgis
17%
Beurk Caractacus
16%
Moldubec Celestina
16%
Peverell Ignotus
16%
Coote Richie
16%
Brulopot Silvanus
16%
Macnair Walden
16%
Robins Demelza
15%
Derwent Dylis
15%
Tetenjoy Galatea
15%
Marchebank Griselda
15%
Moroz Broderick
14%
Jones Gwenog
14%
McKinnon Marlene
14%
Malefoy Abraxas
13%
Kirke Andrew
13%
Trelawney Cassandra
13%
Black Cygnus
13%
Potter Fleamont
13%
Weasley Audrey
12%
Rowle Thorfinn
12%
Ackerley Stewart
11%
Bones Edgar
10%
Meadowes Dorcas
9%
Eskivdur Wilbert
9%
Tycross Wilkie
8%
Black Druella
7%
Montague Graham
7%
Black Alphard
5%
Potter Euphemia
5%
Verpey Otto
3%
Travers Torquil
3%
Aucun quiz correspondant
Distribution des résultats
% des personnes avec chaque résultat
Percentile par nombre de réponses
Votre historique - résultats
Vous n’avez pas pris ce quiz